书目信息 |
| 题名: |
VLSI数字信号处理系统
|
|
| 作者: | 帕里 , Parhi 著 ;陈弘毅 , 白国强 , 吴行军 译 | |
| 分册: | ||
| 出版信息: | 北京 机械工业出版社 2004.6 |
|
| 页数: | 578页 | |
| 开本: | 26cm | |
| 丛书名: | 电子与电气工程丛书 | |
| 单 册: | ||
| 中图分类: | TN470.2 | |
| 科图分类: | ||
| 主题词: | 超大规模集成电路--电路设计 | |
| 电子资源: | ||
| ISBN: | 7-111-14108-3 | |
| 000 | 01133nam2 2200313 45 | |
| 001 | 012004000000 | |
| 005 | 20050110114125.28 | |
| 010 | @a7-111-14108-3@dCNY 65.00 | |
| 100 | @a20040920d2004 em y0chiy0121 ea | |
| 101 | 1 | @achi@ceng |
| 102 | @aCN@b110000 | |
| 105 | @aak z 001yy | |
| 200 | 1 | @aVLSI数字信号处理系统@AVLSI shu zi xin hao chu li xi tong@dVLSI digital signal processing systems@e设计与实现@eDesign and implementation@f(美)帕里(Keshab D. Parhi)著@g陈弘毅, 白国强, 吴行军译@zeng |
| 210 | @a北京@c机械工业出版社@d2004.6 | |
| 215 | @a578页@c图, 表格@d26cm | |
| 225 | 2 | @a电子与电气工程丛书 |
| 320 | @a本书含参考文献、附录与索引 | |
| 410 | 0 | @12001 @a电子与电气工程丛书 |
| 510 | 1 | @aVLSI digital signal processing systems@eDesign and implementation@zeng |
| 517 | 1 | @a设计与实现 |
| 606 | 0 | @a超大规模集成电路@x电路设计 |
| 690 | @aTN470.2@v4 | |
| 701 | 1 | @a帕里@Apa li@bKeshab D.@4著 |
| 701 | A1 | @aParhi@bKeshab D.@4著 |
| 702 | 0 | @a陈弘毅@Achen hong yi@4译 |
| 702 | 0 | @a白国强@Abai guo qiang@4译 |
| 702 | 0 | @a吴行军@Awu xing jun@4译 |
| 801 | 0 | @aCN@bQSSKlw@c20050110 |
| 905 | @a10447@dTN470.2@eP023 | |
| VLSI数字信号处理系统=VLSI digital signal processing systems:设计与实现:Design and implementation/(美)帕里(Keshab D. Parhi)著/陈弘毅, 白国强, 吴行军译.-北京:机械工业出版社,2004.6 |
| 578页:图, 表格;26cm.-(电子与电气工程丛书) |
| ISBN 7-111-14108-3:CNY 65.00 |
| ● |
| 相关链接 |
|
|
|
正题名:VLSI数字信号处理系统
索取号:TN470.2/P023
 
预约/预借
| 序号 | 登录号 | 条形码 | 馆藏地/架位号 | 状态 | 备注 |
| 1 | 435881 | 204358818 | 自科库301/301自科库 28排2列3层/ [索取号:TN470.2/P023] | 在馆 | |
| 2 | 435882 | 204358827 | 自科库301/301自科库 28排2列3层/ [索取号:TN470.2/P023] | 在馆 |